|
|
|
|
| LEADER |
00000nab#a22000007a#4500 |
| 001 |
arbauad011460 |
| 003 |
AR-BaUAD |
| 005 |
20250711111159.0 |
| 008 |
950529|||||||||###||||||b###|0###a|spa|| |
| 040 |
|
|
|a AR-BaUAD
|c AR-BaUAD
|b spa
|
| 245 |
1 |
0 |
|a Steiner House, Vienna, Austria
|
| 300 |
0 |
|
|b fot., plantas
|
| 653 |
|
|
|a LOOS, ADOLF
|
| 653 |
|
|
|a VIENA
|
| 653 |
|
|
|a AUSTRIA
|
| 653 |
|
|
|a CASA STEINER
|
| 653 |
|
|
|a VIVIENDAS UNIFAMILIARES
|
| 653 |
|
|
|a 1910
|
| 773 |
0 |
|
|t GA Document Special Issue
|g no. 2 (1981), p. 160-161
|
| 942 |
|
|
|c ARTI
|
| 952 |
|
|
|0 0
|1 0
|4 0
|7 0
|9 56380
|a AR-BAuAD
|b AR-BAuAD
|d 2025-07-11
|l 0
|p AAQA011460
|r 2025-07-11 11:11:59
|w 2025-07-11
|y ARTI
|
| 990 |
|
|
|a AQ198
|b TD
|
| 998 |
|
|
|a AAQ
|b BIBUN76
|
| 999 |
|
|
|c 36053
|d 36053
|